Las musas delante de Jesús = (Record no. 65506)
[ view plain ]
| 000 -LEADER | |
|---|---|
| campo de control de longitud fija | 00948nam a2200241 i 4500 |
| 001 - NÚMERO DE CONTROL | |
| campo de control | 65506 |
| 003 - IDENTIFICADOR DE NÚMERO DE CONTROL | |
| campo de control | ES-MaACL |
| 005 - FECHA Y HORA DE LA ÚLTIMA TRANSACCIÓN | |
| campo de control | 20250825063328.0 |
| 007 - CAMPO FIJO DE DESCRIPCIÓN FÍSICA--INFORMACIÓN GENERAL | |
| campo de control de longitud fija | t| |
| 008 - DATOS DE LONGITUD FIJA--INFORMACIÓN GENERAL | |
| campo de control de longitud fija | 040114s1909 it a||||r 00|11 ita |
| 100 1# - ENTRADA PRINCIPAL--NOMBRE DE PERSONA | |
| Nombre de persona | Frezals, Jorge de |
| Término indicativo de función/relación | Autor |
| 9 (RLIN) | 52579 |
| 245 14 - MENCIÓN DEL TÍTULO | |
| Título | Las musas delante de Jesús = |
| Resto del título | Le muse avanti á Gesú / |
| Mención de responsabilidad, etc. | fantasía arcádica del Arcade Jorge de Frezals con traduzione italiana dell'Arcade Francesco Sabatini y con dibujos de (é con disegni di) José Nogué y Massó |
| 260 ## - PUBLICACIÓN, DISTRIBUCIÓN, ETC. | |
| Lugar de publicación, distribución, etc. | Roma : |
| Nombre del editor, distribuidor, etc. | [s.n., |
| Fecha de publicación, distribución, etc. | 1909] |
| Fabricante | (Tip. Maurizio) |
| 300 ## - DESCRIPCIÓN FÍSICA | |
| Extensión | 47 páginas, 6 láminas ; |
| Dimensiones | 28 cm |
| 650 #7 - PUNTO DE ACCESO ADICIONAL DE MATERIA--TÉRMINO DE MATERIA | |
| Término de materia o nombre geográfico como elemento de entrada | Musas (Divinidades griegas) |
| Fuente del encabezamiento o término | embne |
| 9 (RLIN) | 174492 |
| 700 1# - ENTRADA AGREGADA--NOMBRE PERSONAL | |
| Nombre de persona | Sabatini, Francesco |
| Término indicativo de función/relación | Traductor |
| 9 (RLIN) | 101189 |
| 700 1# - ENTRADA AGREGADA--NOMBRE PERSONAL | |
| Nombre de persona | Nogué Massó, José, |
| Fechas asociadas al nombre | 1880-1973 |
| Término indicativo de función/relación | Ilustrador |
| 9 (RLIN) | 85856 |
| 740 32 - ENTRADA AGREGADA--TÍTULO RELACIONADO/ANALÍTICO NO CONTROLADO | |
| Título relacionado o analítico no controlado | Le muse avanti á Gesú |
| 852 4# - LOCALIZACIÓN | |
| Ubicación | ES-MaACL |
| Ubicación en estantería | Depósito folletos |
| Número de control de estantería | T-1187-F-12 |
| 942 ## - ELEMENTOS DE ENTRADA SECUNDARIOS (KOHA) | |
| Fuente del sistema de clasificación o colocación | Clasificación decimal universal |
| Tipo de ítem Koha | Folleto |
| Suprimir en OPAC | No |
| Estatus retirado | Estado de pérdida | Estado de daño | No para préstamo | Colección | Biblioteca de origen | Biblioteca actual | Ubicación en estantería | Fecha de adquisición | Fuente de adquisición | Total de préstamos | Signatura topográfica completa | Código de barras | Visto por última vez | Precio de reemplazo | Tipo de ítem Koha |
|---|---|---|---|---|---|---|---|---|---|---|---|---|---|---|---|
| Colección de folletos | Biblioteca del Ateneo de Madrid | Biblioteca del Ateneo de Madrid | Depósito folletos | 17/01/2008 | T-1187-F-12 | 1068631 | 23/02/2023 | 23/02/2023 | Folleto |
